000 00263nam a22001097a 4500
008 170125b xxu||||| |||| 00| 0 eng d
020 _a9780815149446
041 _aeng
080 _214TH
_a618.2
245 _aTHE HARRIET LANE HANDBOOK
_cBARONE, M.A
942 _2udc
_cBK
999 _c3658
_d3658